Statistics for Norwich City Squad

Click here to take the quiz!

General Stats

  • This quiz has been taken 23 times
  • The average score is 18 of 36

Answer Stats

NumberNationalityPlayer% Correct
1EnglandAngus Gunn
92%
6GermanyChristoph Zimmerman
92%
25Cuba/GermanyOnel Hernandez
92%
31ScotlandGrant Hanley
83%
2PortugalIvo Pinto
83%
15SwitzerlandTimm Klose
83%
27NorwayAlexander Tettey
75%
26Nothern IrelandJamal Lewis
75%
8Bosnia and HerzegovinaMario Vrancic
75%
33Northern IrelandMichael McGovern
75%
23EnglandJames Maddison
67%
10GermanyMoritz Leitner
67%
5ScotlandRussell Martin
67%
14IrelandWes Hoolahan
67%
32GermanyDennis Srbeny
58%
-ScotlandKenny McLean
58%
19GermanyTom Trybull
58%
11EnglandJosh Murphy
50%
18GermanyMarco Stiepermann
50%
3EnglandJames Husband
42%
9PortugalNelson Oliveira
42%
7ScotlandSteven Naismith
42%
36EnglandTodd Cantwell
42%
22EnglandBen Godfrey
33%
34WalesLouis Thompson
33%
16EnglandMatt Jarvis
33%
30EnglandCarlton Morris
25%
28GermanyMarcel Franke
25%
12WalesMarley Watkins
25%
29EnglandRemi Matthews
25%
20EnglandSean Raggett
25%
13EnglandPaul Jones
17%
17NetherlandsYanic Wildschut
17%
4EnglandHarrison Reed
8%
35EnglandAdam Phillips
0%
46The GambiaEbou Adams
0%

Score Distribution

Percentile by Number Answered

Percent of People with Each Score

Your Score History

You have not taken this quiz